000 01046nam a2200253Ia 4500
999 _c38646
_d38646
001 4868
003 GE_BSU
005 20200131111632.0
008 181216s2009||||ge |||||||||||||| ||geo||
020 _a9789941010934
040 _cGE_BSU
041 _ageo
080 _a616.312.2 - 002(075.8) ი-36
100 _aივერიელი, მანანა
_93438
245 _aპაროდონტის დაავადებათა ფარმაკოთერაპია = Pharmacotherapy of Periodontal Diseases /
_cმანანა ივერიელი, ნინო აბაშიძე.
250 _a მე-2 განახლ. გამოც.
264 _aთბილისი :
_b[გ.გ.] ;
_c2009.
300 _a249 გვ. ;
_c20 სმ.
653 _aმედიცინა
653 _aპარადონტის დაავადებები
653 _a გინგივიტი
700 _aაბაშიძე, ნინო
_eავტორი
_93439
942 _cBK
_2udc